• 首页
  • 本馆介绍
  • 公告通知
  • 最新文献
  • 馆藏检索
  • 电子资源
  • 读者导购
  • 参考咨询
  • 我的图书馆
  • 登录
  • 详细信息显示
  • 放入我的书架
  • 预约/预借图书
  • 作者相关作品
  • 分类相关作品
  • 丛书相关作品
  • 出版社相关作品

书目信息

  • 表格格式
  • 工作单格式
  • 卡片格式
题名:
经济应用数学基础
    
 
作者: 赵树嫄 编著
分册: 二  
出版信息: 北京   中国人民大学出版社  2008
页数: 313页
开本: 23cm
丛书名:
单 册:
中图分类: F224.0 , O151.2
科图分类:
主题词: 经济数学--高等学校--教学参考资料 , 线性代数--高等学校--教学参考资料 , 经济数学 , 线性代数
电子资源:
ISBN: 978-7-300-09794-7
000 01168nam0 2200301 45
005 20100303105953.82
010    @a978-7-300-09794-7@dCNY25.00
100    @a20100121e20092008ekmy0chiy0120 ea
101 0  @achi
102    @aCN@b110000
105    @ay z 000yy
106    @ar
200 1  @a经济应用数学基础@AJing Ji Ying Yong Shu Xue Ji Chu@h二@HEr@e线性代数(第四版)学习参考@EXian Xing Dai Shu ( Di Si Ban ) Xue Xi Can Kao@f赵树嫄[等]编著@FZhao Shu嫄 [ Deng ] Bian Zhu
210    @a北京@c中国人民大学出版社@d2008@h2009
215    @a313页@d23cm
300    @a《线性代数》(第四版)配套辅导书
304    @a著者还有:胡显佑,陆启良,褚永增
330    @a本书内容涵盖了行列式、矩阵、线性方程组、矩阵的特征值、二次型等内容。各章内容均分为习题解答与注释、参考题(附解答)两部分。
517 1  @a线性代数(第四版)学习参考@AXian Xing Dai Shu ( Di Si Ban ) Xue Xi Can Kao
606 0  @a经济数学@x高等学校@j教学参考资料
606 0  @a线性代数@x高等学校@j教学参考资料
606 0  @a经济数学
606 0  @a线性代数
690    @aF224.0@v4
690    @aO151.2@v4
701  0 @a赵树嫄@AZhao Shu嫄@4编著
801  0 @aCN@bTANGWEI@c20100303
905    @b0585416-20@dF224.0@e334@f5
    
    经济应用数学基础.二:线性代数(第四版)学习参考/赵树嫄[等]编著.-北京:中国人民大学出版社,2008(2009)
    313页;23cm
    《线性代数》(第四版)配套辅导书
    
    ISBN 978-7-300-09794-7:CNY25.00
    本书内容涵盖了行列式、矩阵、线性方程组、矩阵的特征值、二次型等内容。各章内容均分为习题解答与注释、参考题(附解答)两部分。
●
相关链接 在E读中查询图书 在五车中查询图书 在当当中查询图书 在豆瓣中查询图书


正题名:经济应用数学基础     索取号:F224.0/334         预约/预借

序号 登录号 条形码 馆藏地/架位号 状态 备注
1 0585416   205854164   第一样本阅览室/ [索取号:F224.0/334] 在馆    
2 0585417   205854173   第一借阅区/ [索取号:F224.0/334] 在馆    
3 0585418   205854182   第一借阅区/ [索取号:F224.0/334] 在馆    
4 0585419   205854191   第一借阅区/ [索取号:F224.0/334] 在馆    
5 0585420   205854208   第一借阅区/ [索取号:F224.0/334] 在馆    
唐山师范学院图书馆 欢迎您!
大连网信软件有限公司© 版权所有